Zdaňovanie osobných automobilov v Európskej únii

Dane vzťahujúce sa na osobné vozidlá v krajinách EÚ. Súčasná legislatíva EÚ v tejto oblasti a fiškálne opatrenia.

Salvato in:
Dettagli Bibliografici
Autore principale: Kurinec, Ján
Natura: Capitolo di libro
Lingua:slovacco
Soggetti:
Tags: Aggiungi Tag
Nessun Tag, puoi essere il primo ad aggiungerne!!

MARC

LEADER 00000naa a2200000 4500
001 r048335
005 20230825085822.3
041 0 |a slo 
044 |a SK 
245 1 0 |a Zdaňovanie osobných automobilov v Európskej únii  |c Ján Kurinec 
520 |a Dane vzťahujúce sa na osobné vozidlá v krajinách EÚ. Súčasná legislatíva EÚ v tejto oblasti a fiškálne opatrenia. 
610 2 0 |a zdaňovanie 
610 2 0 |a dane 
610 2 0 |a automobily osobné 
610 2 0 |a legislatíva 
610 2 0 |a Európska únia 
100 1 |a Kurinec, Ján